[Event "SuperChess Cup Rapid 2019"]
[Site "Bucharest"]
[Date "2019.11.08"]
[Round "9.4"]
[White "Peptan, Corina-Isabela"]
[Black "Miron, Lucian-Costin"]
[Result "1-0"]
[WhiteElo "2371"]
[BlackElo "2490"]
[Annotator "TA"]
[PlyCount "71"]
[EventDate "2019.11.06"]
[EventType "tourn"]
[EventCountry "ROU"]
[SourceTitle "playchess.com"]
[Source "ChessBase"]
[SourceQuality "1"]

{[%evp 11,71,34,30,19,34,31,29,18,32,26,37,26,53,23,34,39,34,36,31,29,35,16,40,28,33,25,65,55,62,53,81,83,93,83,79,91,175,81,80,68,78,58,62,29,126,31,125,107,151,131,332,341,716,720,719,705,677,562,29974,3139,29970,29970]} 1. d4 Nf6 2. c4 c5 3. d5 b5 4. Nd2 bxc4 5. e4 d6 6. Bxc4 g6 7. Ngf3 {A57: Benko/Volga Gambit} (7. b3 Bg7 8. Bb2 O-O 9. Ngf3 Nbd7 10. Qc2 Nb6 11. O-O Rb8 12. h3 {½-½ (12) Roiz,M (2595)-Mikhalevski,V (2526) Dresden 2015}) 7... Bg7 8. O-O O-O 9. Re1 {White has an edge.} Nbd7 10. h3 Rb8 11. Rb1 Qa5 $146 ({Predecessor:} 11... Nb6 12. Qc2 Qd7 13. b3 Bb7 14. Bb2 e6 15. dxe6 fxe6 {0-1 (39) Fernandez,G-Schalkwijk,P LSS email 2007}) 12. Qc2 Ba6 13. b3 Nb6 {[%cal Bd7b6,Bb6a8,Ba8c7][%mdl 32]} 14. Bxa6 Qxa6 15. Bb2 Rfc8 16. Rec1 Na8 17. Bc3 Nc7 18. a4 Nd7 19. Bxg7 Kxg7 20. Nc4 Rb4 21. Ne1 Rbb8 22. Qc3+ f6 23. Nd3 e6 {[#]} (23... Nb6 $16 {was called for.}) 24. Nf4 (24. b4 $1 $18 {has better winning chances.}) 24... exd5 $16 25. exd5 Ne5 26. Qg3 Re8 27. h4 Kf7 {[#]} (27... Re7 $11 {remains equal.}) 28. Qh3 (28. h5 $1 $16 {[%cal Rh5g6]} g5 29. Nxe5+ Rxe5 30. Nd3 {[%mdl 64] Discovered Attack} Nxd5 31. Nxe5+ fxe5 32. Qxg5) 28... Re7 (28... Kg8 $14) 29. h5 {hxg6+ is the strong threat.} g5 30. Qf5 Rh8 $2 (30... Rg8 $16 31. Ne6 (31. Qxh7+ $2 Rg7 $19) 31... Nxe6 32. dxe6+ Rxe6) 31. Nh3 $18 {aiming for Nxg5+.} h6 $2 (31... Rg8 32. Qxh7+ Kf8 33. Qh6+ {[%mdl 64] Double Attack} Kf7) 32. Nxe5+ {[%mdl 64] Overworked Piece} dxe5 33. Rxc5 Ne8 34. Rc6 Qe2 35. Qg6+ Kf8 36. Rxf6+ {Accuracy: White = 58%, Black = 43%.} 1-0

[Event "SuperChess Cup Rapid 2019"]
[Site "Bucharest"]
[Date "2019.11.08"]
[Round "9.5"]
[White "Cosma, Elena-Luminita"]
[Black "Parligras, Mircea-Emilian"]
[Result "0-1"]
[WhiteElo "2313"]
[BlackElo "2629"]
[Annotator "TA"]
[PlyCount "62"]
[EventDate "2019.11.06"]
[EventType "tourn"]
[EventCountry "ROU"]
[SourceTitle "playchess.com"]
[Source "ChessBase"]
[SourceQuality "1"]

{[%evp 20,62,16,24,4,15,14,0,0,0,13,-9,0,-15,-14,-10,9,-45,-40,-118,-120,-120,-120,-120,-120,-120,-118,-118,-118,-123,-112,-110,-119,-114,-113,-145,-135,-137,-130,-148,-140,-135,-167,-675,-665]} 1. d4 Nf6 2. Nf3 d5 3. c4 e6 4. g3 Bb4+ 5. Bd2 Bd6 6. Bg2 c6 7. Qc2 Nbd7 8. O-O O-O 9. Bg5 h6 10. Bxf6 Nxf6 11. Nbd2 b6 {E01: Catalan: Early deviations} 12. e4 Be7 13. Ne5 (13. Rfd1 Bb7 14. Rac1 Rc8 15. Ne5 dxc4 16. Ndxc4 b5 17. Qb3 a6 18. Ne3 Nd7 19. N3g4 Nxe5 20. Nxe5 {0-1 (59) Moroni,L (2559)-Wojtaszek,R (2738) Batumi 2018}) 13... Bb7 {The position is equal.} 14. Rfd1 Rc8 {[#]} 15. Qa4 $146 ({Predecessor:} 15. Rac1 dxc4 16. Nexc4 b5 17. Ne3 Qxd4 18. Ndc4 Qc5 19. e5 {0-1 (56) Lei,T (2514)-Dziuba,M (2568) Lund 2017}) 15... a6 16. exd5 cxd5 17. Rac1 Rc7 18. Qb3 ({White should play} 18. b4 $11) 18... dxc4 $15 19. Qxb6 {[#]} ({White should try} 19. Rxc4 $15 b5 20. Rxc7 Qxc7 21. Bxb7 Qxb7 22. Rc1) 19... Bxg2 $1 $17 20. Kxg2 {[#]} Qa8+ $1 21. Kg1 Nd5 22. Qa5 Bb4 23. Qa4 c3 {Threatens to win with ...Rfc8.} 24. Nb1 Rfc8 {aiming for ...c2.} 25. bxc3 Bxc3 26. Rc2 Qa7 {Strongly threatening ...Bxd4.} 27. Kg2 Qb7 {( -> ...Nf4+!)} 28. Kg1 Qb6 $40 {[%mdl 128] And now ...Bxd4 would win. Black goes for the king.} 29. Kg2 f6 30. Nf3 Rc4 31. Qd7 $2 (31. Qa3) 31... Rd8 {Accuracy: White = 35%, Black = 80%.} 0-1